La historia de María Griselda
Saved in:
| 主要作者: | |
|---|---|
| 格式: | 图书 |
| 语言: | 西班牙语 |
| 出版: |
Valparaíso
Universitarias de Valparaíso
1977
|
| 版: | 2a. ed |
| 主题: | |
| 标签: |
添加标签
没有标签, 成为第一个标记此记录!
|
MARC
| LEADER | 00000nam a2200000 a 4500 | ||
|---|---|---|---|
| 001 | UCQ6489 | ||
| 003 | CL-VaPUC | ||
| 005 | 20241111112016.0 | ||
| 008 | 981016e19770000CL |||||||||||||||||spa|d | ||
| 999 | |c 276444 |d 276442 | ||
| 040 | |c Pontificia Universidad Católica de Valparaíso | ||
| 082 | 0 | 4 | |a Ch863 |b BOM |2 21 |
| 100 | |a Bombal, María Luisa, |d 1910-1980 |e autora |9 307961 | ||
| 245 | 1 | 3 | |a La historia de María Griselda |
| 250 | |a 2a. ed | ||
| 260 | |a Valparaíso |b Universitarias de Valparaíso |c 1977 | ||
| 300 | |a 81 p | ||
| 500 | |a Ignacio Valente, es el seudónimo del R.P. José Miguel Ibáñez Langlois, crítico literario, poeta y ensayista | ||
| 583 | |a last modification |c 19981016 00:00:00 |k Rodrigo Vera | ||
| 600 | 0 | 7 | |a DIAZ ARRIETA, HERNAN |2 CL-VaPUC |9 353443 |
| 600 | 0 | 7 | |a ALONSO, AMADO |2 CL-VaPUC |9 420398 |
| 600 | 0 | 7 | |a VALENTE, IGNACIO |2 CL-VaPUC |9 420399 |
| 600 | 0 | 7 | |a Ibáñez Langlois, José Miguel |d 1936- |9 858014 |
| 650 | 0 | |a Novelas chilenas |9 265425 | |
| 650 | 0 | |a Literatura chilena |9 308278 | |
| 852 | |a BIBCUR | ||
| 942 | |c BK |2 ddc | ||
| 945 | |d 19981016 00:00:00 |a crobeson | ||
| 952 | |0 0 |1 0 |4 0 |6 CH_863_000000000000000_BOM_1977 |7 0 |8 A |9 313670 |a BIBEDU |b BIBEDU |d 2019-11-20 |i 148222K |o Ch863 BOM 1977 |p 148222K |r 2019-11-20 |w 2019-11-20 |y BK |k LIT | ||
| 952 | |0 0 |1 0 |4 0 |6 CH_863_000000000000000_BOM_1977 |7 0 |8 A |9 313671 |a BIBEDU |b BIBEDU |d 2019-11-20 |i 1482238 |o Ch863 BOM 1977 |p 1482238 |r 2019-11-20 |w 2019-11-20 |y BK |k LIT | ||
| 952 | |0 0 |1 0 |4 0 |6 CH_863_000000000000000_BOM_1977 |7 0 |8 A |9 313672 |a BIBEDU |b BIBEDU |d 2019-11-20 |i 1482246 |o Ch863 BOM 1977 |p 1482246 |r 2019-11-20 |w 2019-11-20 |y BK |k LIT | ||
| 952 | |0 0 |1 0 |4 0 |6 CH_863_000000000000000_BOM_1977 |7 0 |8 A |9 313673 |a BIBEDU |b BIBEDU |d 2019-11-20 |i 1482254 |o Ch863 BOM 1977 |p 1482254 |r 2019-11-20 |w 2019-11-20 |y BK |k LIT | ||
| 952 | |0 0 |1 0 |4 0 |6 CH_863_000000000000000_BOM_1977 |7 0 |8 A |9 313674 |a BIBEDU |b BIBEDU |d 2019-11-20 |i 1482262 |o Ch863 BOM 1977 |p 1482262 |r 2019-11-20 |w 2019-11-20 |y BK |k LIT | ||
| 952 | |0 0 |1 0 |4 0 |6 CH_863_000000000000000_BOM_1977 |7 0 |8 A |9 313675 |a BIBEDU |b BIBEDU |d 2019-11-20 |i 1482270 |l 1 |o Ch863 BOM 1977 |p 1482270 |r 2023-03-31 |s 2023-03-24 |w 2019-11-20 |y BK |k LIT | ||
| 952 | |0 0 |1 0 |4 0 |6 CH_863_000000000000000_BOM_1977 |7 0 |8 X |9 313676 |a FDOBUD |b FDOBUD |d 2019-11-20 |i 1024604 |o Ch863 BOM 1977 |p 1024604 |r 2019-11-20 |w 2019-11-20 |y BK_X |k BUD | ||